Bombay place-names and street-names; (Record no. 55830)

MARC details
000 -LEADER
fixed length control field 00605cam a22001931 4500
001 - CONTROL NUMBER
control field sa 63004733
003 - CONTROL NUMBER IDENTIFIER
control field DLC
005 - DATE AND TIME OF LATEST TRANSACTION
control field 20260227111951.0
008 - FIXED-LENGTH DATA ELEMENTS--GENERAL INFORMATION
fixed length control field 770923s1917 ii 000 0 eng
010 ## - LIBRARY OF CONGRESS CONTROL NUMBER
LC control number sa 63004733
035 ## - SYSTEM CONTROL NUMBER
System control number (OCoLC)3289412
040 ## - CATALOGING SOURCE
Original cataloging agency DLC
Transcribing agency NSyU
Modifying agency DLC
050 00 - LIBRARY OF CONGRESS CALL NUMBER
Classification number DS486.B7
Item number S52
100 1# - MAIN ENTRY--PERSONAL NAME
Personal name Sheppard, Samuel T.
Fuller form of name (Samuel Townsend),
Dates associated with a name 1880-
245 10 - TITLE STATEMENT
Title Bombay place-names and street-names;
Remainder of title an excursion into the by-ways of the history of Bombay City.
260 ## - PUBLICATION, DISTRIBUTION, ETC.
Place of publication, distribution, etc. Bombay,
Name of publisher, distributor, etc. Times Press,
Date of publication, distribution, etc. 1917.
300 ## - PHYSICAL DESCRIPTION
Extent 148 p.
Dimensions 22 cm.
650 #0 - SUBJECT ADDED ENTRY--TOPICAL TERM
Topical term or geographic name entry element Names, Geographical
Geographic subdivision India
-- Mumbai.

No items available.

Powered by Koha